[Event "Pyramiden Cup 2015"]
[Site "Fuerth"]
[Date "2015.09.05"]
[Round "5.44"]
[White "Schroeder, Stefan"]
[Black "Hartmann, Thomas"]
[Result "0-1"]
[WhiteElo "1791"]
[BlackElo "2039"]
[PlyCount "82"]
[EventDate "2015.??.??"]
[WhiteTeam "SG Airb. Heli."]
[BlackTeam "SC WD Ulm"]

1. d4 Nf6 2. Nf3 e6 3. e3 b6 4. Bd3 Bb7 5. Nbd2 c5 6. O-O Nc6 7. c3 cxd4 8.
exd4 Rc8 9. Ne4 Be7 10. Bf4 d6 11. Re1 Nxe4 12. Bxe4 g5 13. Bc1 g4 14. Nd2 d5
15. Bd3 h5 16. Nf1 Bd6 17. f4 Qf6 18. f5 e5 19. dxe5 Nxe5 20. Bf4 Kf8 21. Bxe5
Bxe5 22. Qa4 d4 23. c4 Bc6 24. Qc2 Kg7 25. Qd2 Rhe8 26. Re2 Bd6 27. Rae1 Rxe2
28. Rxe2 Re8 29. Rxe8 Bxe8 30. Qe2 Bd7 31. Qf2 Be5 32. Ng3 Qg5 33. Qf1 Qe3+ 34.
Kh1 Bxg3 35. hxg3 Qxg3 36. f6+ Kg8 37. Kg1 Qe3+ 38. Kh1 g3 39. Qd1 Qg5 40. Qf3
Qh4+ 41. Kg1 Qh2+ 0-1

[Event "Pyramiden Cup 2015"]
[Site "Fuerth"]
[Date "2015.09.05"]
[Round "5.45"]
[White "Koch, Christian"]
[Black "Meyer, Thomas"]
[Result "1-0"]
[WhiteElo "1925"]
[BlackElo "1755"]
[PlyCount "89"]
[EventDate "2015.??.??"]
[WhiteTeam "SC Höchstadt/Aisch"]
[BlackTeam "Bergstedter SK"]

1. e4 e5 2. f4 Bc5 3. Nf3 d6 4. Bc4 Nf6 5. d3 Nc6 6. Nc3 Bg4 7. a3 a6 8. Qd2
Bxf3 9. gxf3 Nd4 10. Qg2 Qe7 11. f5 h6 12. Kd1 Rg8 13. Nd5 Nxd5 14. Bxd5 c6 15.
Ba2 O-O-O 16. Qh3 Nb5 17. f6+ Qd7 18. Qxd7+ Rxd7 19. fxg7 Rxg7 20. Bxh6 Rg6 21.
Bd2 d5 22. h4 f6 23. exd5 cxd5 24. h5 Rg8 25. c3 Nc7 26. Kc2 Rg2 27. Rad1 Rh7
28. Kc1 Kd7 29. Rh3 Kc6 30. Rdh1 Ne6 31. Bb1 Rh8 32. R3h2 Rg3 33. h6 Ng5 34.
Bxg5 Rxg5 35. h7 Bg1 36. Rh4 Rg2 37. Bc2 Be3+ 38. Kb1 f5 39. d4 e4 40. fxe4
dxe4 41. Rxe4 f4 42. Rxe3 fxe3 43. Be4+ Kd6 44. Bxg2 e2 45. Be4 1-0

[Event "Pyramiden Cup 2015"]
[Site "Fuerth"]
[Date "2015.09.05"]
[Round "5.46"]
[White "Hirn, Oskar"]
[Black "Troyke, Doreen"]
[Result "1-0"]
[WhiteElo "2212"]
[BlackElo "2074"]
[PlyCount "57"]
[EventDate "2015.??.??"]
[WhiteTeam "SC NT Nürnberg"]
[BlackTeam "Erfurter SK"]

1. d4 d5 2. c4 e6 3. Nf3 Nf6 4. Nc3 Be7 5. Qc2 O-O 6. Bg5 h6 7. h4 b6 8. cxd5
exd5 9. e3 Bb7 10. Bxf6 Bxf6 11. g4 Be7 12. g5 h5 13. O-O-O Nc6 14. a3 Kh8 15.
Rg1 g6 16. Ne5 Nxe5 17. dxe5 Qd7 18. Bd3 Rg8 19. f4 Qh3 20. Kb1 Qxe3 21. f5
Qxe5 22. fxg6 fxg6 23. Bxg6 d4 24. Rge1 Qg7 25. Bxh5 Bxg5 26. hxg5 dxc3 27. Rh1
Bxh1 28. Rxh1 Rgd8 29. Bf7+ 1-0

[Event "Pyramiden Cup 2015"]
[Site "Fuerth"]
[Date "2015.09.05"]
[Round "5.47"]
[White "Naumann, Thomas"]
[Black "Suess, Helmut"]
[Result "1/2-1/2"]
[WhiteElo "1760"]
[BlackElo "1959"]
[PlyCount "44"]
[EventDate "2015.??.??"]
[WhiteTeam "ESV Lok Döbeln"]
[BlackTeam "SC NT Nürnberg"]

1. d4 Nf6 2. Nf3 e6 3. c4 d5 4. Nc3 Bb4 5. a3 Bxc3+ 6. bxc3 O-O 7. cxd5 exd5 8.
Bg5 Nbd7 9. e3 h6 10. Bh4 c6 11. Bd3 Qa5 12. Qc2 Re8 13. O-O Ne4 14. Bxe4 dxe4
15. Nd2 Qh5 16. Bg3 Nf6 17. Rfe1 Bf5 18. Rab1 Re7 19. Nc4 Rd8 20. Nd6 Rdd7 21.
Nc8 Re8 22. Nd6 Ree7 1/2-1/2

[Event "Pyramiden Cup 2015"]
[Site "Fuerth"]
[Date "2015.09.05"]
[Round "5.48"]
[White "Wagner, Leopold Franziskus"]
[Black "Roeckl, Adelbert"]
[Result "1-0"]
[WhiteElo "1945"]
[BlackElo "1587"]
[PlyCount "91"]
[EventDate "2015.??.??"]
[WhiteTeam "BSG Grün-Weiß Leipzig"]
[BlackTeam "Zabo-Eintracht Nbg"]

1. d4 d5 2. Nf3 Nd7 3. Bf4 Ngf6 4. Nbd2 c5 5. c3 e6 6. e3 Nh5 7. Bg3 Nxg3 8.
hxg3 cxd4 9. exd4 g6 10. Bd3 Bg7 11. Qc2 e5 12. dxe5 Nxe5 13. Nxe5 Bxe5 14.
Bb5+ Bd7 15. Bxd7+ Qxd7 16. Nf3 Bg7 17. Qe2+ Qe7 18. Qxe7+ Kxe7 19. O-O-O Rad8
20. Rhe1+ Kf8 21. Re2 f5 22. Kb1 Bf6 23. Red2 Ke7 24. Rxd5 Rxd5 25. Rxd5 Ke6
26. Rd3 h5 27. Kc2 g5 28. Re3+ Kf7 29. c4 Rd8 30. b3 Re8 31. Rxe8 Kxe8 32. Kd3
Kd7 33. Nd4 Bxd4 34. Kxd4 Kd6 35. b4 g4 36. a4 f4 37. Ke4 fxg3 38. fxg3 a5 39.
bxa5 Kc5 40. Kd3 Kb4 41. a6 bxa6 42. Kd4 Kxa4 43. c5 Kb5 44. Kd5 a5 45. c6 Kb6
46. Kd6 1-0

[Event "Pyramiden Cup 2015"]
[Site "Fuerth"]
[Date "2015.09.05"]
[Round "5.49"]
[White "Navratil, Robert"]
[Black "Weber, Samuel"]
[Result "1/2-1/2"]
[WhiteElo "2121"]
[BlackElo "1936"]
[PlyCount "74"]
[EventDate "2015.??.??"]
[WhiteTeam "ASK Salzburg"]
[BlackTeam "SC Flörsheim"]

1. g3 d5 2. Bg2 c5 3. Nf3 Nc6 4. d4 e6 5. O-O Nf6 6. c4 Be7 7. dxc5 Bxc5 8. a3
a6 9. b4 Be7 10. Bb2 O-O 11. Qc2 a5 12. b5 Nb8 13. Rd1 Qc7 14. Nbd2 Nbd7 15.
Rac1 Nb6 16. Be5 Qc5 17. Bd4 Qc7 18. c5 Nbd7 19. b6 Qc6 20. e4 Nxe4 21. Nxe4
dxe4 22. Ne5 Nxe5 23. Bxe5 f5 24. Bd6 Bg5 25. Bxf8 Kxf8 26. Rd6 Qe8 27. Rcd1
Be7 28. R6d4 Bf6 29. Rc4 Bd7 30. f3 Bb5 31. fxe4 Rd8 32. Rd6 Qe7 33. Qd3 Bxc4
34. Qxc4 Rxd6 35. cxd6 Qxd6 36. Qc8+ Qd8 37. Qxd8+ Bxd8 1/2-1/2

[Event "Pyramiden Cup 2015"]
[Site "Fuerth"]
[Date "2015.09.05"]
[Round "5.50"]
[White "Moenius, Oliver"]
[Black "Colpe, Helge"]
[Result "0-1"]
[WhiteElo "1725"]
[BlackElo "2061"]
[PlyCount "127"]
[EventDate "2015.??.??"]
[WhiteTeam "SC Höchstadt/Aisch"]
[BlackTeam "Hamburger SK"]

1. d4 d5 2. e3 e6 3. Bd3 Nf6 4. f4 b6 5. Qe2 Bb7 6. Nf3 Nbd7 7. O-O Be7 8. Ne5
O-O 9. b3 Ne4 10. c4 f6 11. Nxd7 Qxd7 12. Bb2 a5 13. Nd2 f5 14. Nf3 Bf6 15. Ne5
Bxe5 16. fxe5 c6 17. Bxe4 fxe4 18. Ba3 Rxf1+ 19. Rxf1 b5 20. cxb5 cxb5 21. Bd6
b4 22. Qf2 h6 23. Qg3 Rc8 24. h4 Ba6 25. Rf2 Bd3 26. Kh2 Re8 27. Qg6 Rc8 28.
Kh3 Bc2 29. g4 Bd1 30. Rf4 Re8 31. h5 Bf3 32. g5 hxg5 33. Qxg5 Kh8 34. Qg6 Rg8
35. h6 gxh6 36. Qxh6+ Qh7 37. Rh4 Bg4+ 38. Kh2 Qxh6 39. Rxh6+ Kg7 40. Rf6 Rc8
41. Kg3 Bf5 42. Kf4 Rc2 43. Kg5 Rg2+ 44. Kh5 Rxa2 45. Bf8+ Kg8 46. Bh6 Rh2+ 47.
Kg5 Rg2+ 48. Kh5 Bg6+ 49. Kh4 Rh2+ 50. Kg5 Kh7 51. Bf8 Rg2+ 52. Kh4 Kg8 53. Kh3
Rg1 54. Kh2 Rg4 55. Bd6 Bf5 56. Rf8+ Kg7 57. Ra8 Rh4+ 58. Kg2 Rh3 59. Kf2 Rh2+
60. Kg3 Re2 61. Kf4 Rg2 62. Ra7+ Kg6 63. Rg7+ Kxg7 64. Bf8+ 0-1

[Event "Pyramiden Cup 2015"]
[Site "Fuerth"]
[Date "2015.09.05"]
[Round "5.51"]
[White "Cordts, Elof"]
[Black "Reuter, Roland"]
[Result "0-1"]
[WhiteElo "1787"]
[BlackElo "2000"]
[PlyCount "90"]
[EventDate "2015.??.??"]
[WhiteTeam "SC Erlangen"]
[BlackTeam "SK Schwabach"]

1. c4 Nf6 2. Nc3 c5 3. Nf3 g6 4. g3 Bg7 5. Bg2 O-O 6. O-O d6 7. d4 cxd4 8. Nxd4
Nbd7 9. Be3 Nb6 10. b3 Rb8 11. Rc1 Bd7 12. Qd3 Ng4 13. Bd2 Ne5 14. Qe3 Bc6 15.
Nxc6 Nxc6 16. Rfd1 e6 17. Be1 Qe7 18. Rc2 Rfd8 19. Rcd2 Ne5 20. h3 Nbxc4 21.
bxc4 Nxc4 22. Qe4 Nxd2 23. Bxd2 d5 24. Qb1 b5 25. e3 Rdc8 26. Ne2 Rc4 27. Nc1
a6 28. Bf1 Rcc8 29. Bb4 Qc7 30. Nd3 a5 31. Rc1 Qd8 32. Bc5 b4 33. Nb2 Rc6 34.
Na4 Qc7 35. Qd3 Bf8 36. Bxf8 Rxc1 37. Bh6 Qc4 38. Nb2 Qxd3 39. Nxd3 Ra1 40. Kg2
Rxa2 41. Nc5 Rc8 42. Nd7 f5 43. Nf6+ Kf7 44. Nxh7 Rh8 45. Ng5+ Kf6 0-1

[Event "Pyramiden Cup 2015"]
[Site "Fuerth"]
[Date "2015.09.05"]
[Round "5.52"]
[White "Braun, Kristin"]
[Black "Gerl, Hans"]
[Result "0-1"]
[WhiteElo "1735"]
[BlackElo "1968"]
[PlyCount "126"]
[EventDate "2015.??.??"]
[WhiteTeam "SC Forchheim"]
[BlackTeam "SK Zirndorf"]

1. d4 Nf6 2. Nf3 e6 3. e3 c5 4. Bd3 Nc6 5. O-O d6 6. Nbd2 Be7 7. b3 O-O 8. Bb2
b6 9. dxc5 bxc5 10. a3 Bb7 11. c4 Rb8 12. Qc2 h6 13. Rfd1 Qc7 14. Ne4 Nxe4 15.
Bxe4 f5 16. Bd3 Na5 17. Nd2 Ba8 18. b4 cxb4 19. axb4 Nc6 20. b5 Ne5 21. Bxe5
dxe5 22. Ra6 e4 23. Nxe4 fxe4 24. Bxe4 Rb6 25. Bxa8 Rxa8 26. Qe4 Rd8 27. Rb1
Rxa6 28. bxa6 Qd6 29. g3 Qxa6 30. Qb7 Qxb7 31. Rxb7 Bc5 32. Rc7 Bb6 33. Re7 Rd6
34. Re8+ Kf7 35. Rc8 Rd1+ 36. Kg2 Rc1 37. Kf3 Rc2 38. Rc6 g5 39. h3 Kf6 40. g4
Ba5 41. Rc8 Be1 42. Rf8+ Kg7 43. Re8 a5 44. Rxe6 Rxc4 45. Ra6 Rc2 46. Ra7+ Kf6
47. Ra6+ Ke5 48. e4 Rxf2+ 49. Ke3 Rf6 50. Ra8 Bb4 51. Re8+ Re6 52. Rc8 Kd6 53.
Ra8 Kc5 54. Rc8+ Rc6 55. Ra8 Kc4 56. Kf3 Kb3 57. e5 a4 58. Ke4 a3 59. Kf5 Rc5
60. Kf6 Ra5 61. Rxa5 Bxa5 62. e6 Bd8+ 63. e7 Bxe7+ 0-1

[Event "Pyramiden Cup 2015"]
[Site "Fuerth"]
[Date "2015.09.05"]
[Round "5.53"]
[White "Weber, Bernhard"]
[Black "Wettermann, Bernd"]
[Result "1-0"]
[WhiteElo "1899"]
[BlackElo "1771"]
[PlyCount "115"]
[EventDate "2015.??.??"]
[WhiteTeam "SG Siebengebirge"]
[BlackTeam "FC Konradsreuth"]

1. e4 e5 2. Nf3 Nc6 3. Bb5 Bc5 4. c3 d6 5. d4 exd4 6. cxd4 Bb4+ 7. Nc3 Bd7 8.
Qb3 Ba5 9. O-O Nge7 10. Bg5 h6 11. Bf4 Ng6 12. Be3 O-O 13. Rad1 Bg4 14. Be2 Bb6
15. Rfe1 Qe8 16. h3 Bd7 17. Bd3 Kh8 18. a3 Rd8 19. Qc2 Nce7 20. Qd2 f5 21. exf5
Nxf5 22. Bxh6 Qf7 23. Be3 Nxe3 24. Qxe3 Nf4 25. Qe4 Qh5 26. Be2 Rde8 27. Ne5
Qg5 28. h4 Qe7 29. Qxf4 dxe5 30. Qg5 Qxg5 31. hxg5 Bxd4 32. Rf1 Bc6 33. Rd3 g6
34. Rh3+ Kg7 35. Nd1 Rf5 36. Rg3 e4 37. b4 a6 38. Ne3 Rf7 39. Bc4 Rd7 40. Rd1
Be5 41. Rh3 Rxd1+ 42. Nxd1 b5 43. Bb3 Rd8 44. Re3 Bf4 45. Rc3 Bd5 46. Bxd5 Rxd5
47. Ne3 Rxg5 48. Rc6 Be5 49. Rxa6 Bd4 50. Rc6 Bb6 51. Re6 Bxe3 52. fxe3 Rg4 53.
Rc6 Kh6 54. Rxc7 Kh5 55. Rh7+ Kg5 56. Rb7 Kh4 57. Rxb5 Kg3 58. a4 1-0

[Event "Pyramiden Cup 2015"]
[Site "Fuerth"]
[Date "2015.09.05"]
[Round "5.54"]
[White "Meyer, Nico"]
[Black "Nagel, Felix"]
[Result "1-0"]
[WhiteElo "1437"]
[BlackElo "1784"]
[PlyCount "63"]
[EventDate "2015.??.??"]
[WhiteTeam "SC Bechhofen"]
[BlackTeam "SC And Nbg"]

1. e4 c6 2. d4 d5 3. e5 Bf5 4. Ne2 e6 5. Ng3 Bg6 6. h4 h6 7. h5 Bh7 8. Bd3 Bxd3
9. cxd3 Qc7 10. Qg4 c5 11. O-O cxd4 12. f4 Nd7 13. b4 Ne7 14. Nd2 Qb6 15. a3
O-O-O 16. Bb2 Rg8 17. Nb3 Nc6 18. Ne2 Kb8 19. Nexd4 g6 20. Kh1 Be7 21. Qe2 gxh5
22. Qxh5 Rg7 23. Rac1 Nxd4 24. Nxd4 Rdg8 25. Rc2 Qd8 26. f5 exf5 27. Rxf5 Rg5
28. Rxg5 hxg5 29. Qe2 g4 30. e6 fxe6 31. Nxe6 Qe8 32. Be5+ 1-0

[Event "Pyramiden Cup 2015"]
[Site "Fuerth"]
[Date "2015.09.05"]
[Round "5.55"]
[White "Hirn, Thomas"]
[Black "Siewert, Wolfgang"]
[Result "1/2-1/2"]
[WhiteElo "1488"]
[BlackElo "1759"]
[PlyCount "41"]
[EventDate "2015.??.??"]
[WhiteTeam "TuS Fürstenfeldbruck"]
[BlackTeam "vereinslos"]

1. e4 c5 2. Nf3 d6 3. d4 cxd4 4. Nxd4 Nf6 5. Nc3 g6 6. Bc4 Bg7 7. O-O O-O 8.
Rb1 Nc6 9. Nde2 Na5 10. Bd3 Be6 11. b3 Nc6 12. Bb2 Qa5 13. a3 Rac8 14. Qe1 Qc7
15. Nf4 Ne5 16. Nxe6 fxe6 17. Qe2 a6 18. Rfc1 Nh5 19. Nd1 Qb6 20. Bxe5 Bxe5 21.
Ne3 1/2-1/2

[Event "Pyramiden Cup 2015"]
[Site "Fuerth"]
[Date "2015.09.05"]
[Round "5.56"]
[White "Oberley, Karl-Heinz"]
[Black "Schulz, Siegfried"]
[Result "0-1"]
[WhiteElo "1143"]
[BlackElo "1928"]
[PlyCount "76"]
[EventDate "2015.??.??"]
[WhiteTeam "SK Ingolstadt"]
[BlackTeam "TSV Kirchenlaibach"]

1. e4 c5 2. d4 cxd4 3. c3 dxc3 4. Nxc3 e6 5. Nf3 Nc6 6. Bb5 a6 7. Bxc6 bxc6 8.
O-O d5 9. exd5 cxd5 10. Be3 Nf6 11. a3 Be7 12. Qd2 O-O 13. Rfd1 Bb7 14. Bd4 Rc8
15. h3 Bc5 16. Rac1 Bxd4 17. Qxd4 Rc4 18. Qd3 Qb8 19. b3 Rc6 20. Qe3 Nd7 21.
Nd4 Rd6 22. Nce2 e5 23. Nf5 Re6 24. Qg3 g6 25. Qg5 Qd8 26. Qxd8 Rxd8 27. Nfg3
d4 28. Rc7 Bd5 29. b4 Rc6 30. Rxc6 Bxc6 31. Kh1 Bb5 32. Rc1 Nb6 33. Rc5 f6 34.
Nc1 d3 35. Ne4 d2 36. Nxd2 Rxd2 37. Nb3 Rxf2 38. Kg1 Ra2 0-1

[Event "Pyramiden Cup 2015"]
[Site "Fuerth"]
[Date "2015.09.05"]
[Round "5.57"]
[White "Spinnler, Wolfgang"]
[Black "Walch, Roger"]
[Result "1/2-1/2"]
[WhiteElo "1650"]
[BlackElo "1733"]
[PlyCount "37"]
[EventDate "2015.??.??"]
[WhiteTeam "SC Landskrone"]
[BlackTeam "SW Nürnberg Süd"]

1. Nf3 Nf6 2. g3 g6 3. c4 Bg7 4. Nc3 O-O 5. b4 c6 6. Bg2 d6 7. Bb2 Qb6 8. a3 a5
9. Qb3 Qc7 10. O-O e5 11. d3 h6 12. b5 Be6 13. a4 Nbd7 14. Ba3 Rfe8 15. Nd2 d5
16. Rac1 Rad8 17. cxd5 cxd5 18. Nxd5 Qb8 19. Nxf6+ 1/2-1/2

[Event "Pyramiden Cup 2015"]
[Site "Fuerth"]
[Date "2015.09.05"]
[Round "5.58"]
[White "Dreiseitel, Ursula"]
[Black "Dreiseitel, Werner"]
[Result "0-1"]
[WhiteElo "1476"]
[BlackElo "1568"]
[PlyCount "88"]
[EventDate "2015.??.??"]
[WhiteTeam "SGem Fürth"]
[BlackTeam "SGem Fürth"]

1. d4 d5 2. Nf3 Bf5 3. Bf4 c6 4. e3 e6 5. c4 Nf6 6. Qb3 Qb6 7. Qxb6 axb6 8. Nc3
Bb4 9. Be2 Ne4 10. Bd3 Nxc3 11. Bxf5 Ne4+ 12. Ke2 exf5 13. Bc7 Nd7 14. cxd5
cxd5 15. Rhc1 O-O 16. a3 Bd6 17. Rc2 Bxc7 18. Rxc7 Ndf6 19. h3 Rac8 20. Rac1
Rxc7 21. Rxc7 Nd6 22. Ne5 Rc8 23. Rxc8+ Nxc8 24. f3 Nd6 25. Kd3 b5 26. Kc3 Nc4
27. b3 Nxe3 28. g3 Ng2 29. Kb4 Ne3 30. Kxb5 Nc2 31. Kc5 Nxa3 32. b4 Nc2 33. b5
Kf8 34. b6 Ke7 35. Nd3 Ne3 36. Nf4 g5 37. Nd3 Nd7+ 38. Kb5 Nc4 39. Ne5 Ndxe5
40. dxe5 Nxe5 41. Kc5 Ke6 42. f4 gxf4 43. gxf4 Nd3+ 44. Kd4 Nxf4 0-1

[Event "Pyramiden Cup 2015"]
[Site "Fuerth"]
[Date "2015.09.05"]
[Round "5.59"]
[White "Boese, Christina"]
[Black "Dresel, Martin"]
[Result "0-1"]
[WhiteElo "1499"]
[BlackElo "1699"]
[PlyCount "84"]
[EventDate "2015.??.??"]
[WhiteTeam "SC Bechhofen"]
[BlackTeam "SC Erlangen"]

1. d4 Nf6 2. Nf3 g6 3. e3 Bg7 4. b3 O-O 5. Bb2 d5 6. Bd3 Bg4 7. h3 Bxf3 8. Qxf3
e6 9. O-O Nfd7 10. Nd2 c5 11. c4 cxd4 12. cxd5 dxe3 13. Bxg7 exf2+ 14. Rxf2
Kxg7 15. dxe6 fxe6 16. Qe3 Rxf2 17. Qxf2 Qb6 18. Re1 Qxf2+ 19. Kxf2 e5 20. Nf3
Nc6 21. Bb5 Re8 22. Rd1 Nf6 23. Bxc6 bxc6 24. Re1 e4 25. Nd2 Kf7 26. Nc4 Re7
27. g4 Re6 28. Ne3 Nd5 29. Rd1 Rf6+ 30. Kg1 Nxe3 31. Re1 Rf1+ 32. Rxf1+ Nxf1
33. Kxf1 g5 34. Ke2 Ke6 35. Ke3 Ke5 36. a3 c5 37. a4 a5 38. Ke2 Kd4 39. Kd2 e3+
40. Ke2 Ke4 41. Ke1 Kd3 42. Kd1 e2+ 0-1

[Event "Pyramiden Cup 2015"]
[Site "Fuerth"]
[Date "2015.09.05"]
[Round "5.60"]
[White "Paul, Arthur"]
[Black "Heinrich, Leon"]
[Result "1/2-1/2"]
[WhiteElo "1509"]
[BlackElo "1612"]
[PlyCount "44"]
[EventDate "2015.??.??"]
[WhiteTeam "SW Nürnberg Süd"]
[BlackTeam "SW Nürnberg Süd"]

1. e4 c5 2. Nf3 d6 3. g3 Nf6 4. d3 g6 5. Bg2 Bg7 6. O-O Nc6 7. Re1 O-O 8. Nbd2
Qc7 9. c3 Bd7 10. Nf1 a6 11. h3 Rab8 12. g4 b5 13. Ng3 b4 14. Bd2 Bc8 15. g5
Nd7 16. Qc2 a5 17. h4 Ba6 18. h5 Rbc8 19. h6 Bh8 20. Rac1 Qd8 21. Rb1 Nde5 22.
Re3 Nxf3+ 1/2-1/2

[Event "Pyramiden Cup 2015"]
[Site "?"]
[Date "2015.09.06"]
[Round "6.1"]
[White "Kunin, Vitaly"]
[Black "Fedorovsky, Michael"]
[Result "1/2-1/2"]
[WhiteElo "2563"]
[BlackElo "2451"]
[PlyCount "111"]
[EventDate "2015.??.??"]
[TimeControl "6000+950"]
[WhiteClock "0:04:52"]
[BlackClock "0:01:09"]

1. d4 Nf6 2. c4 g6 3. Nc3 d5 4. cxd5 Nxd5 5. e4 Nxc3 6. bxc3 Bg7 7. Bb5+ c6 8.
Ba4 O-O 9. Ne2 b5 10. Bb3 Bb7 11. O-O c5 12. d5 Nd7 13. Rb1 a6 14. Be3 Rc8 15.
Qd2 c4 16. Bc2 e6 17. dxe6 fxe6 18. Qd6 Re8 19. Rfd1 Ne5 20. Qxd8 Rcxd8 21.
Rxd8 Rxd8 22. a4 Ng4 23. Bg5 Bf6 24. Bxf6 Nxf6 25. e5 Rd2 26. Bd1 Ng4 27. axb5
axb5 28. Nd4 Be4 29. Ra1 Nxf2 30. Be2 Nd3 31. Bf3 Bxf3 32. Nxf3 Rc2 33. Ra8+
Kg7 34. Ra7+ Kf8 35. h4 Nf4 36. Ng5 h6 37. Ne4 Rxg2+ 38. Kh1 Rc2 39. Nd6 g5 40.
hxg5 hxg5 41. Nxb5 g4 42. Nd6 Kg8 43. Ne4 Nd5 44. Ra4 g3 45. Nxg3 Rxc3 46. Ne4
Rc2 47. Kg1 c3 48. Rc4 Kg7 49. Ng5 Kg6 50. Nxe6 Rc1+ 51. Kf2 Kf5 52. Nd4+ Kxe5
53. Ne2 Rc2 54. Kf3 Kd6 55. Rc8 Kd7 56. Ke4 1/2-1/2

[Event "Pyramiden Cup 2015"]
[Site "?"]
[Date "2015.09.06"]
[Round "6.3"]
[White "Mons, Leon"]
[Black "Ikonnikov, Vyacheslav"]
[Result "1/2-1/2"]
[WhiteElo "2464"]
[BlackElo "2518"]
[PlyCount "114"]
[EventDate "2015.??.??"]
[TimeControl "6000+1930"]
[WhiteClock "0:11:25"]
[BlackClock "0:06:10"]

1. e4 e6 2. d4 d5 3. Nd2 Nf6 4. e5 Nfd7 5. Bd3 c5 6. c3 b6 7. Ne2 Ba6 8. Bxa6
Nxa6 9. O-O Be7 10. Nf4 cxd4 11. cxd4 Nb4 12. a3 Nc6 13. Qg4 g6 14. Nf3 h5 15.
Qh3 Na5 16. Rb1 Rc8 17. Bd2 Nc4 18. Bb4 Bxb4 19. axb4 Qe7 20. Ra1 Nxb2 21. Rxa7
Rd8 22. Qg3 Kf8 23. Ng5 Rh6 24. Ngxe6+ fxe6 25. Nxg6+ Rxg6 26. Qxg6 Qf7 27. Qg5
Ke8 28. Rb1 Nd3 29. Qd2 Nf4 30. g3 Nh3+ 31. Kg2 Qf5 32. Rb3 Ng5 33. h4 Nf7 34.
Qe2 Nh6 35. Rf3 Qg4 36. Qd3 Nf5 37. Rf4 Nxh4+ 38. Kh2 Qg6 39. Qb5 Nf5 40. Qc6
Ne7 41. Qc7 Nf5 42. Qc6 Ne7 43. Qb5 Nf5 44. Rb7 h4 45. g4 Qg5 46. Rxf5 exf5 47.
Qxd5 Qf4+ 48. Kh1 fxg4 49. Qe6+ Kf8 50. Rxd7 Rxd7 51. Qxd7 Qf3+ 52. Kg1 g3 53.
Qd8+ Kf7 54. e6+ Kxe6 55. Qe8+ Kd6 56. Qd8+ Ke6 57. Qe8+ Kd6 1/2-1/2

[Event "Pyramiden Cup 2015"]
[Site "?"]
[Date "2015.09.06"]
[Round "6.4"]
[White "Milov, Leonid"]
[Black "Miller, Eduard"]
[Result "1/2-1/2"]
[WhiteElo "2471"]
[BlackElo "2245"]
[PlyCount "110"]
[EventDate "2015.??.??"]
[TimeControl "6000+990"]
[WhiteClock "0:04:36"]
[BlackClock "0:07:26"]

1. e4 c5 2. Nf3 Nc6 3. d4 cxd4 4. Nxd4 g6 5. c4 Bg7 6. Be3 Nf6 7. Nc3 Ng4 8.
Qxg4 Nxd4 9. Qd1 Ne6 10. Qd2 Qa5 11. Rc1 b6 12. Qd5 Rb8 13. Qxa5 bxa5 14. b3
Bd4 15. Bd2 f6 16. Nd5 Bb6 17. Nxb6 axb6 18. f3 Bb7 19. Be3 Bc6 20. Be2 d6 21.
a3 Kd7 22. O-O Kc7 23. Rfd1 g5 24. Bf1 h5 25. b4 axb4 26. axb4 Ra8 27. Ra1 h4
28. Kf2 Kb7 29. Bd3 Nf4 30. Bf1 Kc7 31. Bd4 Ng6 32. Rxa8 Rxa8 33. Ra1 Rxa1 34.
Bxa1 Nf4 35. Bd4 Ba4 36. Ke1 Kc6 37. b5+ Kc7 38. Kd2 Ng6 39. Be3 Bb3 40. Kc3
Bd1 41. Kd2 Bb3 42. Bf2 Nf4 43. g3 hxg3 44. hxg3 Ng6 45. Be2 Ne5 46. Kc3 Ba4
47. f4 gxf4 48. gxf4 Nd7 49. Bf3 Nc5 50. Bg3 Bd1 51. Bg2 Be2 52. e5 f5 53. Bh4
dxe5 54. fxe5 e6 55. Bg5 Nb7 1/2-1/2

[Event "Pyramiden Cup 2015"]
[Site "?"]
[Date "2015.09.06"]
[Round "6.5"]
[White "Niedermeier, Thomas"]
[Black "Colpe, Malte"]
[Result "0-1"]
[WhiteElo "2226"]
[BlackElo "2367"]
[PlyCount "58"]
[EventDate "2015.??.??"]
[TimeControl "6000+930"]
[WhiteClock "0:11:32"]
[BlackClock "0:37:38"]

1. e4 e6 2. d4 d5 3. Nc3 Bb4 4. exd5 exd5 5. Bd3 Nc6 6. a3 Bxc3+ 7. bxc3 Nge7
8. Qf3 Be6 9. Nh3 Qd7 10. Ng5 O-O-O 11. O-O Bg4 12. Qg3 Rdf8 13. Re1 f6 14. Nf3
h5 15. h3 Nf5 16. Qh2 Bxf3 17. gxf3 g5 18. Kh1 Nh4 19. Qg3 Ne7 20. f4 Nef5 21.
Bxf5 Nxf5 22. Qg2 g4 23. Rb1 Rfg8 24. c4 gxh3 25. Qxd5 Qxd5+ 26. cxd5 Rg2 27.
Rb3 Rxf2 28. Rxh3 Rxc2 29. a4 Rg8 0-1

[Event "Pyramiden Cup 2015"]
[Site "?"]
[Date "2015.09.06"]
[Round "6.6"]
[White "Dorst, Johannes"]
[Black "Wenninger, Philipp"]
[Result "0-1"]
[WhiteElo "2223"]
[BlackElo "2249"]
[PlyCount "92"]
[EventDate "2015.??.??"]
[TimeControl "6000+1430"]
[WhiteClock "0:38:35"]
[BlackClock "0:08:04"]

1. e4 c6 2. d4 d5 3. Nc3 dxe4 4. Nxe4 Bf5 5. Ng3 Bg6 6. h4 h6 7. Nf3 Nd7 8. h5
Bh7 9. Bd3 Bxd3 10. Qxd3 e6 11. Bd2 Ngf6 12. O-O-O Be7 13. Kb1 O-O 14. Ne4 Nxe4
15. Qxe4 Nf6 16. Qe2 Qd5 17. Be3 Bd6 18. Nd2 Nh7 19. g4 b5 20. Rhg1 Kh8 21. f4
f5 22. Nf3 fxg4 23. Ne5 Nf6 24. Ng6+ Kg8 25. Nxf8 Rxf8 26. Qg2 Qxg2 27. Rxg2 g6
28. hxg6 Kg7 29. c4 bxc4 30. Rc1 h5 31. Rxc4 Nd5 32. Bc1 Nxf4 33. Bxf4 Bxf4 34.
Rxc6 g3 35. Rxe6 h4 36. Re1 Rc8 37. Rh1 Kxg6 38. b4 Kg5 39. Re2 Kg4 40. Re7 g2
41. Rg7+ Bg5 42. Re1 h3 43. Kb2 Rf8 44. Ree7 Rf5 45. Re4+ Kf3 46. Re1 h2 0-1

[Event "Pyramiden Cup 2015"]
[Site "?"]
[Date "2015.09.06"]
[Round "6.7"]
[White "Sailer, Wolfgang"]
[Black "Fischer, Johannes"]
[Result "0-1"]
[WhiteElo "2127"]
[BlackElo "2269"]
[PlyCount "80"]
[EventDate "2015.??.??"]
[TimeControl "6000+980"]
[WhiteClock "0:00:36"]
[BlackClock "0:18:53"]

1. d4 d6 2. c4 e5 3. Nf3 Nd7 4. Nc3 g6 5. e4 Bg7 6. Be2 Nh6 7. O-O O-O 8. h3 f6
9. Be3 Nf7 10. Qd2 c6 11. Rad1 Qe7 12. Rfe1 f5 13. exf5 gxf5 14. Bf1 Qf6 15.
dxe5 dxe5 16. Qc1 Qg6 17. Kh1 Qh5 18. Nh2 f4 19. Bd2 Nf6 20. f3 Bf5 21. Ne4 Qg6
22. Bb4 Bxe4 23. Bxf8 Bxf8 24. fxe4 Nxe4 25. Rxe4 Qxe4 26. Ng4 Qf5 27. Bd3 Qg5
28. Be4 Rd8 29. Rxd8 Qxd8 30. Qc2 Qh4 31. Bxh7+ Kh8 32. Bg6 Qe1+ 33. Kh2 Bc5
34. Qb1 Qg3+ 35. Kh1 Ng5 36. Qd1 Bd4 37. Nh2 f3 38. gxf3 Nxh3 39. Ng4 Nf4 40.
Qf1 Nxg6 0-1

[Event "Pyramiden Cup 2015"]
[Site "?"]
[Date "2015.09.06"]
[Round "6.8"]
[White "Kroneder, Christian"]
[Black "Troyke, Christian"]
[Result "1/2-1/2"]
[WhiteElo "2045"]
[BlackElo "2344"]
[PlyCount "109"]
[EventDate "2015.??.??"]
[TimeControl "6000+600"]
[WhiteClock "0:08:16"]
[BlackClock "0:22:42"]

1. e4 c5 2. Nf3 g6 3. d4 cxd4 4. Nxd4 Bg7 5. c4 Nc6 6. Be3 Nf6 7. Nc3 O-O 8.
Be2 b6 9. O-O Bb7 10. f3 Qb8 11. Qd2 Rd8 12. Rab1 d6 13. Rfc1 Rd7 14. Nd5 Qf8
15. b4 Rad8 16. Bf1 Ne8 17. Nxc6 Bxc6 18. Qf2 e6 19. Nf4 Nc7 20. Ne2 f5 21.
exf5 gxf5 22. Nd4 Ba8 23. Bg5 Bf6 24. Bxf6 Qxf6 25. f4 Be4 26. Rb3 e5 27. Ne2
Ba8 28. Rg3+ Kh8 29. Rcc3 Ne6 30. Rcd3 Rc7 31. fxe5 dxe5 32. Rxd8+ Nxd8 33. Nc3
Ne6 34. Nb5 Rd7 35. c5 bxc5 36. bxc5 f4 37. Ra3 e4 38. Nxa7 e3 39. Qe2 Rd2 40.
Qh5 Ng7 41. Qg4 h5 42. Qc8+ Rd8 43. Ra6 Rxc8 44. Rxf6 Rxc5 45. Rf8+ Kh7 46.
Bd3+ Nf5 47. Bxf5+ Kg7 48. Rc8 Rxf5 49. Rxa8 Rd5 50. Kf1 Rd1+ 51. Ke2 Rd2+ 52.
Kf1 Rf2+ 53. Kg1 Rxa2 54. Kf1 Kh7 55. Rf8 1/2-1/2

[Event "Pyramiden Cup 2015"]
[Site "?"]
[Date "2015.09.06"]
[Round "6.9"]
[White "Schunk, Eduard"]
[Black "Knoblauch, Leonhard"]
[Result "1-0"]
[WhiteElo "2319"]
[BlackElo "2177"]
[PlyCount "83"]
[EventDate "2015.??.??"]
[TimeControl "6000+1160"]
[WhiteClock "0:02:30"]
[BlackClock "0:03:49"]

1. e4 c6 2. d3 d5 3. Nd2 e5 4. Ngf3 Bd6 5. g3 Nf6 6. Bg2 O-O 7. O-O Qc7 8. h3
dxe4 9. dxe4 Rd8 10. Nh4 b6 11. Qf3 Nbd7 12. Nf5 Bf8 13. Nb3 a5 14. a4 Re8 15.
Bg5 Re6 16. Rfd1 h6 17. Be3 Kh7 18. g4 g6 19. Ng3 Ba6 20. h4 Nc5 21. Nxc5 Bxc5
22. Bxc5 bxc5 23. g5 hxg5 24. hxg5 Ne8 25. Bh3 Rd6 26. Rxd6 Nxd6 27. Kg2 Qe7
28. Qg4 Kg7 29. Qd7 Qxd7 30. Bxd7 Bb7 31. Rd1 Nc4 32. b3 Nb6 33. Bg4 Kf8 34.
Ne2 Ke7 35. Nc1 Bc8 36. Bxc8 Rxc8 37. Kf3 Rh8 38. Nd3 Nd7 39. Nb2 Rh4 40. Nc4
Rf4+ 41. Ke3 Rg4 42. Rxd7+ 1-0